000 00862nam a22002417a 4500
999 _c5925
_d5925
003 AR-CdUCM
008 190313b ||||| |||| 00| 0 spa d
040 _aMUNICIPALIDAD PROVINCIAL DEL CUSCO
_cBIBLIOTECA MUNICIPAL DEL CUSCO
082 _a869.56 /
_bG21
100 _aGarces Larrea, Cristobal
_916140
245 _aNarradores colombianos contemporáneos /
260 _aEcuador :
_bAriel Ltda.
_c1974.
300 _a124 paginas ;
_c17 cm.
440 _aColección Universal
_n50
_917427
500 _aDonación de la familia Nieto
505 _aNarradores colombianos contemporáneos -- El hombre que preparaba su propio café -- La exterminación -- Homenaje a Stendhal -- La venganza...
650 _aColombia
_9140
650 _aNarraciones
_9930
650 _aSiglo XX
_98
710 _aAriel Universal
_917428
942 _2ddc
_cLIBROS
945 _awnts